ezz quiz - Statystyki

Ogólne statystyki
  • Ten quiz został rozwiązany 7 razy
  • Średni wynik to 10 z 15
Statystyki odpowiedzi
Hint Odpowiedź % Poprawnych
1 1
100%
2 2
100%
3 3
100%
4 4
100%
10 10
67%
11 11
67%
12 12
67%
13 13
67%
5 5
67%
6 6
67%
7 7
67%
14 14
33%
15 15
33%
8 8
33%
9 9
33%
Nie znaleziono quizów pasujących do podanych kryteriów
Rozkład punktacji
Procent ludzi z każdym wynikiem
Percentyl według liczby udzielonych odpowiedzi
Twoja historia wyników
Nie rozwiązałeś tego quizu